|
|
|
|
| LEADER |
00000nab a2200000 4500 |
| 001 |
vtls012242883 |
| 003 |
SK-MaSNL |
| 005 |
20260303193146.0 |
| 008 |
231027c2023 xo er|n || ||00 c0ukr |
| 015 |
|
|
|a SNBRB2023/10
|
| 038 |
|
|
|a SVKPOCL
|
| 040 |
|
|
|a SVKPOCL
|b slo
|c SVKPOCL
|e rda
|
| 041 |
0 |
|
|a ukr
|
| 044 |
|
|
|a xo
|c SK
|
| 072 |
|
7 |
|a 821.161
|x Východoslovanské literatúry
|2 konspekt
|
| 080 |
|
|
|a 821.161.2-84
|2 2011
|
| 080 |
|
|
|a 821.161.25-84
|2 2011
|
| 080 |
|
|
|a (477)
|2 2011
|
| 100 |
1 |
|
|a Duchnovyč, Oleksandr,
|d 1803-1865
|4 aut
|9 192471
|
| 245 |
1 |
0 |
|a Aforyzmy Oleksandra Duchnovyča
|c Oleksander Duchnovyč
|
| 336 |
|
|
|a text
|b txt
|2 rdacontent
|
| 337 |
|
|
|a bez média
|b n
|2 rdamedia
|
| 338 |
|
|
|a zväzok
|b nc
|2 rdacarrier
|
| 500 |
|
|
|a V rubrike Kul'tura
|
| 650 |
0 |
7 |
|a ukrajinská próza
|2 SNKPH
|9 82745
|
| 650 |
0 |
7 |
|a aforizmy
|2 SNKPH
|9 75179
|
| 650 |
0 |
7 |
|a ukrajinská literatúra
|2 SNKPH
|9 1218
|
| 740 |
0 |
2 |
|a Junoši hovorjat to, čto dumajut; staryky ...
|
| 740 |
0 |
2 |
|a Skupec' podobnyj svyni, koja tokmo ...
|
| 740 |
0 |
2 |
|a Knyhy treba čytaty. U žytti ne može ...
|
| 773 |
0 |
|
|t Nove žyttja
|g Roč. 73, č. 5 (2023), s. 4
|
| 852 |
|
|
|a SVKPO
|b KIS3GCP
|
| 958 |
|
|
|a UK
|
| 958 |
|
|
|a SS
|
| 958 |
|
|
|a LX
|
| 958 |
|
|
|a RN
|
| 999 |
|
|
|c 2150737
|d 2152667
|